画数の少ない駅 - Statistics

General Stats
  • This quiz has been taken 376 times
  • The average score is 3 of 17
Answer Stats
Answer % Correct
二川
45%
十三
45%
一戸
32%
みの
27%
23%
乙川
19%
十川
19%
乙女
15%
二上
15%
のいち
14%
八川
12%
一分
9%
二子
7%
乙丸
6%
大入
5%
人丸
4%
千丁
3%
No matching quizzes found
Score Distribution
Percent of People with Each Score
Percentile by Number Answered
Your Score History
You have not taken this quiz